000 00353nam a22001217a 4500
040 _cHS
082 _a338
100 _aឆាយ​​ គង្គា
245 _a ការវិភាគគោលនយោបាយកសិកម្ម agricultural policy analysis
260 _aRUA
_bឆាយ គង្គា
_c2013
300 _a367p;
942 _cEK
999 _c8880
_d8880